Memorial del licenciado don Juan Ferández de Angulo, donde hace un recuento de lo testimonios y pleitos que se han presentado por parte de Simón Gutiérrez, con que se anulan las deposiciones de muchos testigos en esta causa presentada por Álvaro Méndez

Detalles Bibliográficos
Formato: Libro
Publicado: Ubeda, s.f.
Materias:
Colección:Banco de datos
Acervo:Biblioteca Palafoxiana. Colección de Manuscritos
Descripción Física:2 f. ; 22 x 30.5 cm.
Tema general:Civil
LEADER 00557nam a22001330004500
035 |a 669 
245 1 0 |a Memorial del licenciado don Juan Ferández de Angulo, donde hace un recuento de lo testimonios y pleitos que se han presentado por parte de Simón Gutiérrez, con que se anulan las deposiciones de muchos testigos en esta causa presentada por Álvaro Méndez 
260 |a Ubeda, s.f. 
300 |a 2 f. ; 22 x 30.5 cm. 
650 1 0 |a Civil 
949 |a 19506/026 
942 |c PALAMANU 
943 |g Biblioteca Palafoxiana. Colección de Manuscritos 
999 |c 1068614  |d 1068614